| 000 | 01043nam a2200289 a 4500 | ||
|---|---|---|---|
| 001 | 000025037 | ||
| 003 | DO-SdBNP | ||
| 005 | 20240322200239.0 | ||
| 007 | ta | ||
| 008 | 110209s1997 dr 000 spa d | ||
| 040 |
_aDO-SdBNP _bspa _cBNPHU |
||
| 082 | 4 | _222 | |
| 100 | 1 |
_aNúñez Collado, Agripino _d1933-2022 _qMonseñor _98457 |
|
| 245 | 1 | 3 |
_aLa cultura del dialogo y la concertación en República Dominicana / _cAgripino Núñez Collado ; edición Angela Peña, Emilio Lapayese y Wilson Hernández |
| 260 |
_aSanto Domingo : _cPUCMM, _b1997. |
||
| 300 |
_a448 p. ; _c24 cm. |
||
| 490 | 1 | _aDocumentos | |
| 500 | _aIncluye datos biográficos del autor en la solapa de la cubierta e índice onomástico | ||
| 500 | _aIncluye referencias bibliográficas y notas al pie de las páginas | ||
| 590 | _aInventariado, 2021/BT | ||
| 700 | 1 |
_aPeña, Angela, _eed. _937722 |
|
| 700 | 1 |
_aLapayese, Emilio, _eed. _980492 |
|
| 700 | 1 |
_aHernández, Wilson, _eed. _938 |
|
| 830 | 0 |
_aDocumentos _91047 |
|
| 910 | _aBtavárez | ||
| 942 |
_2ddc _cLBS1 |
||
| 999 |
_c24530 _d24530 |
||